| 000 | 01172nam a22002897a 4500 | ||
|---|---|---|---|
| 001 | 7012 | ||
| 003 | FISKH | ||
| 005 | 20250617133453.0 | ||
| 008 | 250617b cb ||||| |||| 00| 0 eng d | ||
| 020 | _a9780582909731 | ||
| 040 |
_aFISKH _beng _cFISKH _dFISKH |
||
| 050 | _aPZ7 | ||
| 082 | _a551.5 | ||
| 100 | _aThomas-Cochran, Margarette | ||
| 245 | _aAir all around / | ||
| 260 |
_aMelbourne : _bLongman Publishing Group, _c1992. |
||
| 300 |
_a25 pages : _bcolor illustrations ; _c25 cm |
||
| 490 |
_a What a wonderful world! : _vSeries 2 |
||
| 505 | _aP | ||
| 520 | _aAir All Around explores the presence and importance of air in our daily lives. Through simple explanations and illustrations, the book demonstrates how air surrounds us, its role in various natural processes, and its necessity for life. It's designed to help young readers understand the concept of air and its significance in a fun and engaging way. | ||
| 521 | 8 |
_a600
_bLexile estimate |
|
| 521 | 8 |
_aP
_bRaz-Plus |
|
| 650 |
_aAir _vAtmosphere _xScience for Kids |
||
| 650 |
_aEarly Readers _vNonfiction _xEnvironmental Education |
||
| 942 |
_2ddc _cBK _n0 |
||
| 999 |
_c7012 _d7012 |
||